| 000 | 00363nam a22001337a 4500 | ||
|---|---|---|---|
| 999 |
_c514048 _d514048 |
||
| 008 | 201003b ||||| |||| 00| 0 eng d | ||
| 100 |
_aSen, Aurp Kumar _918217 |
||
| 245 | _aReading AAP's victory | ||
| 260 | _aMainstream | ||
| 300 | _a58(9), 22 Feb,2020: p. 6-7 | ||
| 773 | _aMainstream | ||
| 906 | _aINDIA - DELHI - POLITICS AND GOVERNMENT | ||
| 942 | _cAR | ||